|
|
|
|
| LEADER |
00000nam a2200000 a 4500 |
| 001 |
vtls008325569 |
| 003 |
SK-MaSNL |
| 005 |
20260301075018.0 |
| 008 |
181127s1957 xo 000 hun |
| 015 |
|
|
|a SKSNBA1958/03-00388
|
| 035 |
|
|
|a SK01SNK19580017786
|
| 035 |
|
|
|a SKM000020249
|
| 040 |
|
|
|a SNK
|b slo
|c SNK
|e AACR2
|
| 041 |
1 |
|
|a hun
|h slo
|
| 044 |
|
|
|a xo
|c SK
|
| 080 |
|
|
|a 614.84:631.115.6=945.11
|2 1981
|
| 080 |
|
|
|a 631.115.6:614.84=945.11
|2 1981
|
| 100 |
1 |
|
|a Hedánek, Gustáv
|4 aut
|9 273800
|
| 245 |
1 |
3 |
|a Az egységes földműves szövetkezetek védekezése a tűzvész ellen
|c Gustáv Hedánek ; szlov. ered. ford. Tumann Lajos
|
| 260 |
|
|
|a Martin
|b Osveta
|b Štátna poisťovňa
|c 1957
|e Liptovský Mikuláš
|f Severoslovenské tlačiarne
|
| 300 |
|
|
|a 71, [4] s.
|c 8°
|
| 490 |
1 |
|
|a A Kármegelőzési Könyvsorozat
|v 17. köt.
|
| 500 |
|
|
|a Ilustr. Lit. Tab.
|
| 500 |
|
|
|a Kiadta a Štátna poisťovňa v Osvete
|
| 650 |
0 |
7 |
|a JRD
|x ochrana požiarna
|2 SNK
|9 398517
|
| 650 |
0 |
7 |
|a ochrana požiarna
|x družstvá roľnícke
|2 SNK
|9 398518
|
| 655 |
|
7 |
|a príručky
|2 SNKPH
|9 74364
|
| 700 |
1 |
|
|a Tumann, Lajos
|4 trl
|9 398519
|
| 830 |
|
0 |
|a A Kármegelőzési Könyvsorozat
|9 398520
|
| 852 |
|
|
|a Slovenská národná knižnica v Martine
|b 10000
|h SD 14848
|
| 852 |
|
|
|a Slovenská národná knižnica v Martine
|b 10000
|h SD 14848 D1
|
| 958 |
|
|
|a OND
|
| 958 |
|
|
|a TL
|
| 958 |
|
|
|a RK
|
| 958 |
|
|
|a HU
|
| 958 |
|
|
|a NB
|
| 958 |
|
|
|a OP
|
| 999 |
|
|
|c 648901
|d 650831
|
| 952 |
|
|
|a SNK
|b SNK
|y PREZ
|7 0
|p 17A0527166
|o snkSD 14848
|i snkKSP 541/58
|0 0
|1 0
|4 0
|d 2006-10-26
|l 0
|r 2025-11-28 00:00:00
|w 2026-02-23
|